000 00306nam a2200109Ia 4500
008 200302s9999 xx 000 0 und d
100 _aChase Powers
245 _aBathrooms A Professional's Illustrated Design and Remodeling Guide
260 _bTata Mcgraw-Hill Com. Ltd.
260 _c1976
300 _a371 P.,
999 _c1460
_d1460